000 00248nam a2200109Ia 4500
100 _aCIMI-DGET
942 _cBK
245 _aINFORMATION TECHNOLOGY & ELECTRONIC SYSTEM-IST YEAR THEORY
260 _bCIMI
_aChennai
546 _aENGLISH
999 _c24882
_d24882